[Event "29. Torneo San Viator 2017"]
[Site "Madrid ESP"]
[Date "2017.10.01"]
[Round "3.7"]
[White "Ochoa Gonzalez, Hugo"]
[Black "Garcia Sanjuan, Jose"]
[Result "1-0"]
[WhiteElo "1557"]
[BlackElo "1899"]
[PlyCount "63"]
[EventDate "2017.09.17"]
[EventType "swiss"]
[EventRounds "9"]
[EventCountry "ESP"]
[SourceTitle "Ajedrez en Madrid"]
[Source "lmi"]
[SourceDate "2017.09.17"]

1. e4 b6 2. d4 Bb7 3. Bd3 e6 4. Nf3 Nf6 5. e5 Nd5 6. Be4 c6 7. Ng5 g6 8. Qg4
Qe7 9. h4 f5 10. exf6 Nxf6 11. Qf3 d5 12. Bd3 Na6 13. c3 O-O-O 14. O-O Bg7 15.
Qe2 Nc7 16. Bf4 Rhe8 17. Re1 Ne4 18. Bxc7 Kxc7 19. Bxe4 dxe4 20. Qxe4 Rd6 21.
Nd2 c5 22. Qf4 Rf8 23. Qg3 Kc8 24. Nc4 Rc6 25. d5 h6 26. dxc6 hxg5 27. cxb7+
Kxb7 28. hxg5 b5 29. Ne5 Rf5 30. Rad1 Kb6 31. Rd6+ Qxd6 32. Nc4+ 1-0

[Event "29. Torneo San Viator 2017"]
[Site "Madrid ESP"]
[Date "2017.10.01"]
[Round "3.8"]
[White "Perdomo Araujo, Angel Eduardo"]
[Black "Garcia Galeote, Lorenzo"]
[Result "1-0"]
[WhiteElo "2052"]
[BlackElo "1989"]
[PlyCount "133"]
[EventDate "2017.09.17"]
[EventType "swiss"]
[EventRounds "9"]
[EventCountry "ESP"]
[SourceTitle "Ajedrez en Madrid"]
[Source "lmi"]
[SourceDate "2017.09.17"]

1. e4 Nc6 2. d4 d5 3. e5 f6 4. f4 Bf5 5. Bb5 Qd7 6. h3 a6 7. Ba4 e6 8. Nf3 Nh6
9. Nc3 Be7 10. Be3 O-O 11. g4 Be4 12. Nxe4 dxe4 13. exf6 Bxf6 14. Ne5 Bxe5 15.
dxe5 Qe7 16. Bxc6 Rad8 17. Qe2 bxc6 18. Rd1 Rd5 19. c4 Rxd1+ 20. Kxd1 g5 21.
Rf1 Nf7 22. Kc2 Rd8 23. Rd1 Rxd1 24. Kxd1 Qf8 25. Qc2 Qh6 26. fxg5 Qxh3 27.
Qxe4 Qh2 28. g6 Nh8 29. gxh7+ Qxh7 30. Qxc6 Qb1+ 31. Bc1 Qg6 32. Qa8+ Kg7 33.
Qf3 Nf7 34. Qf4 Kg8 35. b3 Qb1 36. Qf6 Qd3+ 37. Bd2 Qb1+ 38. Ke2 Qe4+ 39. Kf2
Qxg4 40. Bf4 Qh3 41. Qg6+ Kf8 42. Bg3 c5 43. a3 Ke7 44. Qf6+ Kf8 45. a4 Qg4 46.
Qf3 Qxf3+ 47. Kxf3 Nd8 48. Bf2 Nb7 49. Be1 Ke8 50. Kf4 Kd7 51. Kg5 Nd8 52. Kf4
Nc6 53. Bc3 Kc7 54. Ke4 Kd7 55. Bd2 Ne7 56. Be3 Kc6 57. Kf4 Ng6+ 58. Ke4 Ne7
59. Bf2 Nf5 60. Kf4 a5 61. Kg5 Kb6 62. Kf6 Nd4 63. Ke7 Kc6 64. Be1 Kb6 65. Kd6
Nxb3 66. Kxe6 Kc6 67. Kf7 1-0

[Event "29. Torneo San Viator 2017"]
[Site "Madrid ESP"]
[Date "2017.10.01"]
[Round "3.10"]
[White "Gil Sierra, Jacinto"]
[Black "Camarero Izquierdo, Juan Carlos"]
[Result "0-1"]
[WhiteElo "1920"]
[BlackElo "1843"]
[PlyCount "90"]
[EventDate "2017.09.17"]
[EventType "swiss"]
[EventRounds "9"]
[EventCountry "ESP"]
[SourceTitle "Ajedrez en Madrid"]
[Source "lmi"]
[SourceDate "2017.09.17"]

1. e4 c5 2. Nf3 d6 3. d4 cxd4 4. Nxd4 Nf6 5. Nc3 a6 6. h3 e6 7. g4 b5 8. a3 Bb7
9. Bg2 Be7 10. g5 Nfd7 11. f4 Nc6 12. h4 Nxd4 13. Qxd4 e5 14. Qf2 Nb6 15. Nd5
Bxd5 16. exd5 Rc8 17. Be4 Qc7 18. Bd2 Na4 19. O-O-O Qc4 20. Qf3 Qa2 21. Bc3
Nxc3 22. bxc3 Qxa3+ 23. Kd2 Qc5 24. Ra1 Qb6 25. Rhf1 exf4 26. Qxf4 O-O 27. Bd3
Rce8 28. Rae1 Qb7 29. Qf3 Bd8 30. Rb1 Re5 31. c4 Ba5+ 32. c3 Qc7 33. Qg4 bxc4
34. Bxc4 Rfe8 35. Rf4 Re2+ 36. Qxe2 Rxe2+ 37. Kxe2 g6 38. Kd3 Qc8 39. Rbf1 f5
40. gxf6 Kf7 41. R1f3 Qc5 42. Re4 Bd8 43. Bxa6 Qxd5+ 44. Ke3 Bb6+ 45. Kf4 Qf5+
0-1

[Event "29. Torneo San Viator 2017"]
[Site "Madrid ESP"]
[Date "2017.10.01"]
[Round "3.11"]
[White "Rodriguez Romero, Martin"]
[Black "Sanz Toledano, Alfonso"]
[Result "1-0"]
[WhiteElo "1907"]
[BlackElo "1818"]
[PlyCount "115"]
[EventDate "2017.09.17"]
[EventType "swiss"]
[EventRounds "9"]
[EventCountry "ESP"]
[SourceTitle "Ajedrez en Madrid"]
[Source "lmi"]
[SourceDate "2017.09.17"]

1. e4 e6 2. d4 d5 3. Nc3 Nf6 4. Bg5 Be7 5. e5 Ne4 6. Bxe7 Qxe7 7. Nxe4 dxe4 8.
c3 O-O 9. Nh3 c5 10. Qd2 cxd4 11. Qxd4 b6 12. Qxe4 Bb7 13. Qe3 Nc6 14. O-O-O
Rac8 15. Kb1 Na5 16. f4 Bd5 17. Ng5 f6 18. exf6 Qxf6 19. Bd3 g6 20. Qh3 Rc7 21.
Rhe1 Nc4 22. Bxc4 Bxc4 23. Rd4 Qf5+ 24. Qxf5 exf5 25. g3 Bb5 26. Red1 Re8 27.
Rd8 Rc8 28. Rxe8+ Rxe8 29. Kc1 Re2 30. Rd2 Re1+ 31. Kc2 Bc6 32. Rd6 Bb5 33. Re6
Rxe6 34. Nxe6 Kf7 35. Nd4 Bd7 36. Kd3 h6 37. h4 Kf6 38. b4 a6 39. a3 Ke7 40.
Nf3 Bc6 41. Ne5 Be4+ 42. Kd4 g5 43. hxg5 hxg5 44. fxg5 Ke6 45. Ng6 Kd6 46. Nf4
Bf3 47. g6 Ke7 48. c4 Bd1 49. c5 bxc5+ 50. Kxc5 Ba4 51. Kb6 Bb5 52. a4 Bc4 53.
b5 axb5 54. axb5 Kd7 55. Kc5 Ba2 56. b6 Kc8 57. Nd5 Kb7 58. g7 1-0

[Event "29. Torneo San Viator 2017"]
[Site "Madrid ESP"]
[Date "2017.10.01"]
[Round "3.12"]
[White "Recuenco Andres, Javier"]
[Black "Lopez Nuñez, Roberto"]
[Result "0-1"]
[WhiteElo "1904"]
[BlackElo "1766"]
[PlyCount "102"]
[EventDate "2017.09.17"]
[EventType "swiss"]
[EventRounds "9"]
[EventCountry "ESP"]
[SourceTitle "Ajedrez en Madrid"]
[Source "lmi"]
[SourceDate "2017.09.17"]

1. c4 Nf6 2. g3 c5 3. Bg2 d5 4. cxd5 Nxd5 5. Nc3 Nc7 6. Nf3 g6 7. O-O Bg7 8. d3
O-O 9. Be3 Ne6 10. Qc1 Nc6 11. Bh6 Rb8 12. Bxg7 Kxg7 13. Ng5 Ncd4 14. Qe3 f6
15. Nxe6+ Bxe6 16. Qe4 Bf5 17. Qd5 Qc7 18. a4 Rfd8 19. Qa2 Be6 20. Qb1 Nb3 21.
Nb5 Qa5 22. Ra3 a6 23. Rxb3 Bxb3 24. Nc3 Qb4 25. Qc1 Qd4 26. a5 Rdc8 27. h4 Qe5
28. f4 Qd4+ 29. Kh2 c4 30. dxc4 Rxc4 31. e4 Rc5 32. f5 Rd8 33. Qf4 Qe5 34. Qg4
Kf7 35. Ne2 Rg8 36. Nf4 Rc2 37. fxg6+ hxg6 38. Nd3 Qh5 39. Qf4 Qe2 40. Ne1 Rxb2
41. Kg1 Be6 42. e5 f5 43. g4 Qc4 44. Qg5 Qd4+ 45. Kh1 Rh8 46. Nf3 Qc4 47. Bh3
Qe4 48. h5 fxg4 49. hxg6+ Kg8 50. Qxe7 Rxh3+ 51. Kg1 Qe3+ 0-1

[Event "29. Torneo San Viator 2017"]
[Site "Madrid ESP"]
[Date "2017.10.01"]
[Round "3.13"]
[White "Calvo de Castro, Miguel"]
[Black "Monreal Bejarano, Luis Miguel"]
[Result "0-1"]
[WhiteElo "1836"]
[BlackElo "1883"]
[PlyCount "116"]
[EventDate "2017.09.17"]
[EventType "swiss"]
[EventRounds "9"]
[EventCountry "ESP"]
[SourceTitle "Ajedrez en Madrid"]
[Source "lmi"]
[SourceDate "2017.09.17"]

1. d4 d5 2. c4 c6 3. e3 Nf6 4. Nf3 g6 5. Nbd2 Bg7 6. b3 Bf5 7. g3 Nbd7 8. Bg2
Bd3 9. Bf1 Bxf1 10. Kxf1 O-O 11. Kg2 Re8 12. Bb2 Qa5 13. Qc2 Rac8 14. Rhe1 c5
15. Bc3 Qc7 16. Rac1 cxd4 17. Nxd4 e5 18. Nb5 Qb6 19. a4 a6 20. a5 Qe6 21. Na3
Qc6 22. Kg1 Qd6 23. b4 d4 24. c5 Qd5 25. Ba1 d3 26. Qc4 e4 27. Qxd5 Nxd5 28.
Bxg7 Kxg7 29. Rc4 Ne5 30. Rd4 Nc3 31. Kg2 Red8 32. Nxe4 Rxd4 33. exd4 Nxe4 34.
dxe5 Nc3 35. Nb1 Na2 36. Re4 Rd8 37. Nd2 Nc3 38. Rc4 Nb5 39. f4 Kf8 40. Kf2 Na3
41. Re4 Nc2 42. g4 Ke7 43. f5 gxf5 44. gxf5 Nd4 45. Nc4 Nxf5 46. Nd6 d2 47. Ke2
Ke6 48. Kxd2 Ne7 49. Kc3 Nd5+ 50. Kc4 Rd7 51. Rh4 Ne3+ 52. Kd3 Nd5 53. Ke4 Nxb4
54. Rh6+ Ke7 55. Rxh7 Kf8 56. e6 f5+ 57. Nxf5 Rxh7 58. h4 Nc6 0-1

[Event "29. Torneo San Viator 2017"]
[Site "Madrid ESP"]
[Date "2017.10.01"]
[Round "3.14"]
[White "Campos Tores, Jose Luis"]
[Black "Soderstrom, Henrik"]
[Result "1-0"]
[WhiteElo "1879"]
[BlackElo "1684"]
[PlyCount "67"]
[EventDate "2017.09.17"]
[EventType "swiss"]
[EventRounds "9"]
[EventCountry "ESP"]
[SourceTitle "Ajedrez en Madrid"]
[Source "lmi"]
[SourceDate "2017.09.17"]

1. d4 d6 2. c4 Nf6 3. Nc3 Nbd7 4. e4 e5 5. Nf3 Be7 6. Be2 c6 7. O-O Qc7 8. h3
h6 9. Be3 Nf8 10. Qc2 g5 11. dxe5 dxe5 12. Nh2 Ng6 13. Rad1 Nf4 14. Bxf4 gxf4
15. Nf3 Nh7 16. Kh2 Ng5 17. a3 Bxh3 18. gxh3 Qc8 19. Ng1 f3 20. Bxf3 Nxf3+ 21.
Nxf3 Bg5 22. Ne2 Qe6 23. Qc3 f6 24. c5 Ke7 25. Rd6 Qf7 26. Nxe5 fxe5 27. Qxe5+
Kf8 28. Qxh8+ Ke7 29. Qe5+ Kf8 30. f4 Re8 31. Qh8+ Ke7 32. Qd4 Kf8 33. fxg5
Qxf1 34. Rf6+ 1-0

[Event "29. Torneo San Viator 2017"]
[Site "Madrid ESP"]
[Date "2017.10.01"]
[Round "3.15"]
[White "Barahona Torrijos, Angel"]
[Black "Criado Jimenez, Jose"]
[Result "1-0"]
[WhiteElo "1855"]
[BlackElo "1617"]
[PlyCount "101"]
[EventDate "2017.09.17"]
[EventType "swiss"]
[EventRounds "9"]
[EventCountry "ESP"]
[SourceTitle "Ajedrez en Madrid"]
[Source "lmi"]
[SourceDate "2017.09.17"]

1. e4 c5 2. a3 g6 3. d4 cxd4 4. c3 d3 5. Bxd3 Bg7 6. Be3 Nc6 7. Nf3 d6 8. Bc4
Nf6 9. e5 Ng4 10. e6 fxe6 11. Bg5 Qb6 12. Qc2 Nge5 13. Be3 Nxf3+ 14. gxf3 Qa5
15. Nd2 Bd7 16. O-O-O Rf8 17. Rhg1 Ne5 18. Be2 d5 19. Bd4 Bf6 20. Nb3 Qa4 21.
h4 Nc6 22. Bxf6 Qf4+ 23. Kb1 Rxf6 24. h5 Qf5 25. Qxf5 exf5 26. Rxd5 Be6 27. Rb5
b6 28. hxg6 hxg6 29. Nd4 Nxd4 30. cxd4 Rd8 31. Rb4 Rd6 32. Bb5+ Kf7 33. Bc4
Bxc4 34. Rxc4 Rc6 35. b3 Rfd6 36. Rd1 b5 37. Rc2 Rxc2 38. Kxc2 g5 39. Kc3 e5
40. d5 Kf6 41. Kb4 a6 42. Kc5 Ke7 43. Rh1 Rf6 44. Rh7+ Rf7 45. Rxf7+ Kxf7 46.
Kd6 e4 47. fxe4 fxe4 48. Ke5 e3 49. fxe3 g4 50. Kf4 Kf6 51. e4 1-0

[Event "29. Torneo San Viator 2017"]
[Site "Madrid ESP"]
[Date "2017.10.01"]
[Round "3.16"]
[White "Cano Mercado, Francisco Manuel"]
[Black "Garcia Martin, Esteban"]
[Result "0-1"]
[WhiteElo "1823"]
[BlackElo "1854"]
[PlyCount "74"]
[EventDate "2017.09.17"]
[EventType "swiss"]
[EventRounds "9"]
[EventCountry "ESP"]
[SourceTitle "Ajedrez en Madrid"]
[Source "lmi"]
[SourceDate "2017.09.17"]

1. d4 Nf6 2. Bg5 Ne4 3. Bh4 d5 4. f3 Nf6 5. Nd2 c5 6. dxc5 Qa5 7. c3 Qxc5 8.
Bf2 Qc7 9. e3 e5 10. Be2 Be7 11. h4 Nc6 12. h5 h6 13. Nb3 Be6 14. Rc1 Rd8 15.
Kf1 Bf5 16. Nh3 Bh7 17. g4 g5 18. Qe1 O-O 19. Kg2 a5 20. Nd2 Qc8 21. c4 e4 22.
cxd5 Rxd5 23. fxe4 Nxe4 24. Nc4 Bb4 25. Qf1 Nd2 26. Nxd2 Rxd2 27. a3 Be4+ 28.
Kg1 Bd6 29. Be1 Rd5 30. Bc3 Bxh1 31. Kxh1 Qe6 32. Qf2 Be5 33. Bc4 Qxg4 34. Bxd5
Qxh3+ 35. Kg1 Bh2+ 36. Kh1 Bf4+ 37. Kg1 Bxe3 0-1

[Event "29. Torneo San Viator 2017"]
[Site "Madrid ESP"]
[Date "2017.10.01"]
[Round "3.17"]
[White "Mihalcea, George Andrei"]
[Black "Lopez Moreno, Jesus"]
[Result "1/2-1/2"]
[WhiteElo "1777"]
[BlackElo "2043"]
[PlyCount "58"]
[EventDate "2017.09.17"]
[EventType "swiss"]
[EventRounds "9"]
[EventCountry "ESP"]
[SourceTitle "Ajedrez en Madrid"]
[Source "lmi"]
[SourceDate "2017.09.17"]

1. d4 d5 2. Bf4 Nf6 3. e3 e6 4. Nd2 Bd6 5. Bg3 Nbd7 6. Ngf3 O-O 7. Bd3 b6 8. c3
Bb7 9. Qc2 Qe7 10. Ne5 g6 11. a4 Nh5 12. f4 f5 13. Ndf3 c5 14. Bh4 Ndf6 15. O-O
a6 16. b3 Rfc8 17. Qb2 cxd4 18. cxd4 Bb4 19. Rfc1 Rxc1+ 20. Qxc1 Rc8 21. Qf1
Rc3 22. Rb1 a5 23. Be1 Rc7 24. Bxb4 Qxb4 25. Rc1 Qd6 26. Qd1 Ne8 27. Rxc7 Qxc7
28. Qc2 Qxc2 29. Bxc2 Nhf6 1/2-1/2

[Event "29. Torneo San Viator 2017"]
[Site "Madrid ESP"]
[Date "2017.10.01"]
[Round "3.19"]
[White "Sanchez Gomez, Emiliano"]
[Black "Camacho Casado, Demetrio"]
[Result "1-0"]
[WhiteElo "1742"]
[BlackElo "1869"]
[PlyCount "79"]
[EventDate "2017.09.17"]
[EventType "swiss"]
[EventRounds "9"]
[EventCountry "ESP"]
[SourceTitle "Ajedrez en Madrid"]
[Source "lmi"]
[SourceDate "2017.09.17"]

1. e4 c6 2. d4 d5 3. exd5 cxd5 4. Bd3 Nf6 5. c3 Nc6 6. Bf4 g6 7. Nf3 Bg7 8. O-O
O-O 9. Re1 Bg4 10. h3 Bxf3 11. Qxf3 Qd7 12. Nd2 Rac8 13. Nb3 b6 14. Ba6 Rcd8
15. a4 Ne4 16. Bb5 Qb7 17. Bd3 Nf6 18. Qe2 a5 19. Nd2 e6 20. Nf3 Nd7 21. Bb5
Rfe8 22. Qd2 Na7 23. Bxd7 Rxd7 24. Ne5 Rdd8 25. Re2 Nc8 26. Rae1 Nd6 27. f3 Rc8
28. Qd1 Nc4 29. Nd3 Qc6 30. Ne5 Nxe5 31. Bxe5 Bxe5 32. Rxe5 Qc4 33. h4 Kg7 34.
h5 b5 35. axb5 Qxb5 36. Qd2 Qb6 37. h6+ Kf8 38. Qf4 Qxb2 39. Qf6 Rc6 40. Rxd5
1-0

[Event "29. Torneo San Viator 2017"]
[Site "Madrid ESP"]
[Date "2017.10.01"]
[Round "3.20"]
[White "Cid Garcia, Ramon"]
[Black "Lopez Benitez, David"]
[Result "1-0"]
[WhiteElo "1844"]
[BlackElo "1717"]
[PlyCount "41"]
[EventDate "2017.09.17"]
[EventType "swiss"]
[EventRounds "9"]
[EventCountry "ESP"]
[SourceTitle "Ajedrez en Madrid"]
[Source "lmi"]
[SourceDate "2017.09.17"]

1. d4 g6 2. Bf4 Bg7 3. Nf3 Nf6 4. e3 d6 5. Be2 Nbd7 6. h3 c5 7. O-O Qb6 8. Nbd2
Qxb2 9. Nc4 Qb4 10. c3 Qxc3 11. Rc1 Qb4 12. Rb1 Qc3 13. Rb3 cxd4 14. Rxc3 dxc3
15. Nxd6+ exd6 16. Bxd6 Nb6 17. Ne5 a6 18. Qb3 Nfd5 19. e4 Bxe5 20. Bxe5 f6 21.
exd5 1-0

[Event "29. Torneo San Viator 2017"]
[Site "Madrid ESP"]
[Date "2017.10.01"]
[Round "3.21"]
[White "Estevez Sacristan, Deva"]
[Black "Sotoca Aguado, Jose"]
[Result "0-1"]
[WhiteElo "1665"]
[BlackElo "1885"]
[PlyCount "86"]
[EventDate "2017.09.17"]
[EventType "swiss"]
[EventRounds "9"]
[EventCountry "ESP"]
[SourceTitle "Ajedrez en Madrid"]
[Source "lmi"]
[SourceDate "2017.09.17"]

1. e4 c6 2. d4 d5 3. exd5 cxd5 4. Bd3 Nf6 5. h3 Nc6 6. Nf3 g6 7. c3 Bg7 8. O-O
O-O 9. Bf4 Qb6 10. Qc2 Bd7 11. Nbd2 Rac8 12. a3 Na5 13. Rfe1 e6 14. b4 Nc4 15.
Bxc4 dxc4 16. Ne5 Qb5 17. a4 Qd5 18. Qa2 Bc6 19. Nxc6 Qxc6 20. b5 Qd7 21. Rac1
a6 22. bxa6 bxa6 23. Be5 Nh5 24. Bxg7 Kxg7 25. g3 Nf6 26. Re5 Nd5 27. a5 Qc6
28. Ree1 Rfd8 29. Ne4 h5 30. Nc5 h4 31. Qxc4 hxg3 32. fxg3 Rh8 33. Qf1 Rh5 34.
c4 Nf6 35. Qg2 Qd6 36. g4 Qxd4+ 37. Kh1 Rxh3+ 38. Qxh3 Rh8 39. Qxh8+ Kxh8 40.
Nxa6 Qxg4 41. Rc2 Nh5 42. Rce2 Ng3+ 43. Kh2 Nxe2 0-1

[Event "29. Torneo San Viator 2017"]
[Site "Madrid ESP"]
[Date "2017.10.01"]
[Round "3.22"]
[White "Gonzalez Jimenez, Gerardo"]
[Black "Fernandez Rios, Jose Francisco"]
[Result "1/2-1/2"]
[WhiteElo "1655"]
[BlackElo "1770"]
[PlyCount "93"]
[EventDate "2017.09.17"]
[EventType "swiss"]
[EventRounds "9"]
[EventCountry "ESP"]
[SourceTitle "Ajedrez en Madrid"]
[Source "lmi"]
[SourceDate "2017.09.17"]

1. c4 c5 2. Nf3 g6 3. g3 Bg7 4. Bg2 Nc6 5. O-O d6 6. Nc3 Bf5 7. d3 Qd7 8. a3
Bh3 9. Bd2 Bxg2 10. Kxg2 Nf6 11. Rb1 a5 12. Nb5 O-O 13. Qc1 Ne8 14. Bh6 Nc7 15.
Bxg7 Kxg7 16. Nxc7 Qxc7 17. Rd1 e5 18. e3 f5 19. Qc3 Kg8 20. d4 f4 21. dxe5
dxe5 22. Rd5 e4 23. Ng5 f3+ 24. Kf1 Qe7 25. Rbd1 Rad8 26. Rxd8 Rxd8 27. Rxd8+
Qxd8 28. Ne6 Qd1+ 29. Qe1 Qd3+ 30. Kg1 Qxc4 31. Nc7 Ne5 32. Qd1 Nd3 33. h4 b5
34. b3 Qc1 35. Qxc1 Nxc1 36. Nxb5 Nxb3 37. Kf1 c4 38. Ke1 Kf8 39. Kd1 Ke7 40.
Kc2 Nc5 41. Nc3 Ke6 42. Kd2 Ke5 43. Nd1 Nd3 44. Kc3 Kd5 45. Kd2 Kc5 46. Kc2 Kb5
47. Nc3+ 1/2-1/2

[Event "29. Torneo San Viator 2017"]
[Site "Madrid ESP"]
[Date "2017.10.01"]
[Round "3.23"]
[White "Jimenez Elices, Jose Maria"]
[Black "Tudela Garcia, Antonio"]
[Result "1/2-1/2"]
[WhiteElo "1766"]
[BlackElo "1593"]
[PlyCount "63"]
[EventDate "2017.09.17"]
[EventType "swiss"]
[EventRounds "9"]
[EventCountry "ESP"]
[SourceTitle "Ajedrez en Madrid"]
[Source "lmi"]
[SourceDate "2017.09.17"]

1. e4 c5 2. Nf3 g6 3. d4 Bg7 4. Nc3 Qa5 5. Be3 Nf6 6. Qd2 d6 7. Bb5+ Bd7 8.
Bxd7+ Nbxd7 9. O-O Ng4 10. Bg5 f6 11. Bh4 O-O-O 12. b4 cxb4 13. Nd5 e6 14. Nxb4
e5 15. Qc3+ Qc7 16. Qa3 Nb6 17. Nd5 Nxd5 18. exd5 g5 19. Bg3 h5 20. h4 e4 21.
Nd2 f5 22. Rab1 Bxd4 23. Nb3 Bb6 24. hxg5 h4 25. Bf4 h3 26. g3 Nxf2 27. Rxf2
h2+ 28. Kh1 Bxf2 29. Nd2 Qc5 30. Qb3 Qb6 31. Qc4+ Qc5 32. Qb3 1/2-1/2

[Event "29. Torneo San Viator 2017"]
[Site "Madrid ESP"]
[Date "2017.10.08"]
[Round "4.1"]
[White "Quispe Arteaga, Gabriel"]
[Black "Robles Diaz, Jose Alberto"]
[Result "1/2-1/2"]
[WhiteElo "2197"]
[BlackElo "2096"]
[PlyCount "130"]
[EventDate "2017.09.17"]
[EventType "swiss"]
[EventRounds "9"]
[EventCountry "ESP"]
[SourceTitle "Ajedrez en Madrid"]
[Source "lmi"]
[SourceDate "2017.09.17"]

1. Nf3 Nf6 2. g3 g6 3. Bg2 Bg7 4. O-O O-O 5. d4 d6 6. c4 Nc6 7. Nc3 a6 8. Bf4
Rb8 9. Rc1 Bf5 10. d5 Na5 11. e4 Bg4 12. Qd3 c5 13. Nd2 Bd7 14. b3 b5 15. f3
Qc7 16. g4 bxc4 17. bxc4 Rb4 18. Rfe1 Bc8 19. a3 Rb8 20. Qe3 Nb3 21. Rb1 Nxd2
22. Qxd2 Nd7 23. Qc2 Rxb1 24. Rxb1 Ne5 25. Ne2 Qa5 26. Bxe5 Bxe5 27. Qd3 Bd7
28. h3 Ba4 29. f4 Bg7 30. Kf1 Qc7 31. Nc3 Bd7 32. Rb3 Rb8 33. Qb1 Rxb3 34. Qxb3
Bxc3 35. Qxc3 Qb6 36. Kf2 Ba4 37. e5 Qb3 38. Qxb3 Bxb3 39. Bf1 h6 40. Ke3 g5
41. Bd3 Kg7 42. Ke4 gxf4 43. Kxf4 Ba4 44. h4 a5 45. exd6 exd6 46. g5 hxg5+ 47.
Kxg5 f6+ 48. Kf4 Bd7 49. Bf5 Ba4 50. Bd3 Bd7 51. Bc2 Kh6 52. Bd1 Bh3 53. Bg4
Bf1 54. Kf5 Bxc4 55. Bf3 Bd3+ 56. Kxf6 c4 57. Ke6 c3 58. Bd1 c2 59. Bxc2 Bxc2
60. Kxd6 Kh5 61. Kc5 Kxh4 62. d6 Bf5 63. Kb5 Kg5 64. Kxa5 Kf6 65. Kb6 Bd7
1/2-1/2

[Event "29. Torneo San Viator 2017"]
[Site "Madrid ESP"]
[Date "2017.10.08"]
[Round "4.2"]
[White "Rodriguez Valero, Martin"]
[Black "Perdomo Araujo, Angel Eduardo"]
[Result "0-1"]
[WhiteElo "1835"]
[BlackElo "2052"]
[PlyCount "148"]
[EventDate "2017.09.17"]
[EventType "swiss"]
[EventRounds "9"]
[EventCountry "ESP"]
[SourceTitle "Ajedrez en Madrid"]
[Source "lmi"]
[SourceDate "2017.09.17"]

1. e4 Na6 2. Nf3 c6 3. d4 g6 4. c4 Nc7 5. Nc3 d6 6. h3 Bg7 7. Bg5 Ne6 8. Be3
Qa5 9. Be2 c5 10. O-O cxd4 11. Nxd4 Nf6 12. Rb1 O-O 13. b4 Qd8 14. Qd2 Re8 15.
Rfc1 a6 16. Bf3 a5 17. a3 axb4 18. axb4 Nxd4 19. Bxd4 Be6 20. Be2 Qd7 21. Qe3
Ra3 22. Ra1 Rea8 23. Rxa3 Rxa3 24. Qd2 Qc8 25. f3 Qa8 26. Nd5 Ra2 27. Rc2 Rxc2
28. Qxc2 Nxd5 29. Bxg7 Nxb4 30. Qc3 Nc6 31. Bh6 f6 32. c5 Qa5 33. Qxa5 Nxa5 34.
cxd6 exd6 35. Bf4 d5 36. exd5 Bxd5 37. Be3 Kf7 38. Kf2 Ke6 39. Bd3 Nc6 40. h4
Ne5 41. Bb1 b5 42. h5 Bc4 43. hxg6 hxg6 44. Bd4 f5 45. Ke3 g5 46. g3 Nc6 47.
Bb2 b4 48. f4 g4 49. Bg7 b3 50. Bc3 Bd5 51. Bg7 Bf3 52. Bc3 Bd5 53. Bg7 Nb4 54.
Bd3 Nc2+ 55. Bxc2 bxc2 56. Bb2 Be4 57. Kd4 Kd6 58. Ba3+ Kc6 59. Kc4 Kb6 60. Kb4
Bd5 61. Bc1 Kc6 62. Ba3 Ba2 63. Kc3 Kd5 64. Bc1 Ke4 65. Kxc2 Kf3 66. Kd3 Kxg3
67. Ke2 Bc4+ 68. Ke3 Kg2 69. Kd4 Ba6 70. Ke5 Bc8 71. Kd4 g3 72. Ke3 Kf1 73. Kf3
g2 74. Be3 Bb7+ 0-1

[Event "29. Torneo San Viator 2017"]
[Site "Madrid ESP"]
[Date "2017.10.08"]
[Round "4.3"]
[White "Rodriguez Bittar, Karim Javier"]
[Black "Ochoa Gonzalez, Hugo"]
[Result "1-0"]
[WhiteElo "1934"]
[BlackElo "1557"]
[PlyCount "67"]
[EventDate "2017.09.17"]
[EventType "swiss"]
[EventRounds "9"]
[EventCountry "ESP"]
[SourceTitle "Ajedrez en Madrid"]
[Source "lmi"]
[SourceDate "2017.09.17"]

1. e4 c5 2. Nc3 Nc6 3. g3 g6 4. Bg2 Bg7 5. Nge2 Nf6 6. d3 d6 7. f4 e5 8. O-O
exf4 9. gxf4 O-O 10. a4 Qb6 11. Kh1 Nh5 12. Nd5 Qd8 13. Ng3 Qh4 14. Nxh5 gxh5
15. f5 Be5 16. Nf4 Nd4 17. c3 Nc6 18. Qxh5 Qxh5 19. Nxh5 f6 20. Bh6 Rd8 21. Bf3
Kf7 22. Rg1 Bd7 23. Rg7+ Ke8 24. Rag1 Ne7 25. Rxh7 Bxa4 26. Rgg7 Kd7 27. Rxe7+
Kc6 28. Rc7+ Kb5 29. Rxb7+ Ka5 30. b4+ cxb4 31. cxb4+ Ka6 32. d4 Rab8 33. Be2+
Bb5 34. Bxb5# 1-0

[Event "29. Torneo San Viator 2017"]
[Site "Madrid ESP"]
[Date "2017.10.08"]
[Round "4.5"]
[White "Campos Tores, Jose Luis"]
[Black "Arauz Alonso, Fernando"]
[Result "0-1"]
[WhiteElo "1879"]
[BlackElo "2140"]
[PlyCount "68"]
[EventDate "2017.09.17"]
[EventType "swiss"]
[EventRounds "9"]
[EventCountry "ESP"]
[SourceTitle "Ajedrez en Madrid"]
[Source "lmi"]
[SourceDate "2017.09.17"]

1. d4 c6 2. c4 d5 3. Nf3 Nf6 4. Nc3 dxc4 5. a4 Bf5 6. e3 e6 7. Bxc4 Bb4 8. O-O
O-O 9. Nh4 Bg4 10. f3 Bh5 11. g4 Bg6 12. Nxg6 hxg6 13. Qe2 Nbd7 14. Bd2 e5 15.
Ba2 exd4 16. exd4 Qb6 17. Be3 Rae8 18. Kg2 Qa5 19. Qd3 Nb6 20. Ne4 Nbd5 21. Bg5
Be7 22. Bd2 Bb4 23. Bg5 Be7 24. Bd2 Qc7 25. Ng5 Bd6 26. Rh1 Bf4 27. Rae1 Rxe1
28. Rxe1 Bxh2 29. Ne4 Bf4 30. Ng5 Rc8 31. Kf1 Bxg5 32. Bxg5 Qg3 33. Re5 Nxg4
34. Qe2 Nh2+ 0-1

[Event "29. Torneo San Viator 2017"]
[Site "Madrid ESP"]
[Date "2017.10.08"]
[Round "4.7"]
[White "Garcia Martin, Esteban"]
[Black "Mazo Fernandez, Roberto"]
[Result "1/2-1/2"]
[WhiteElo "1854"]
[BlackElo "1967"]
[PlyCount "76"]
[EventDate "2017.09.17"]
[EventType "swiss"]
[EventRounds "9"]
[EventCountry "ESP"]
[SourceTitle "Ajedrez en Madrid"]
[Source "lmi"]
[SourceDate "2017.09.17"]

1. c4 e5 2. Nc3 Nc6 3. g3 g6 4. Bg2 Bg7 5. e4 d6 6. d3 Nge7 7. Nge2 O-O 8. h3
f5 9. O-O Be6 10. f4 fxe4 11. Nxe4 Nf5 12. Ng5 Nfd4 13. Nxd4 Nxd4 14. Nxe6 Nxe6
15. Bd5 Qd7 16. Qg4 Rae8 17. f5 gxf5 18. Rxf5 Rxf5 19. Qxf5 Qf7 20. Qxf7+ Kxf7
21. Be3 c6 22. Rf1+ Ke7 23. Be4 h6 24. Bg6 Rf8 25. Rxf8 Nxf8 26. Bf5 b6 27. Be4
c5 28. Bf5 Kf6 29. g4 h5 30. Kg2 hxg4 31. hxg4 Ne6 32. Bxe6 Kxe6 33. Kf3 d5 34.
b3 d4 35. Bd2 Kf6 36. Ke4 Kg6 37. a4 a5 38. Bc1 Bf6 1/2-1/2

[Event "29. Torneo San Viator 2017"]
[Site "Madrid ESP"]
[Date "2017.10.08"]
[Round "4.8"]
[White "Camarero Izquierdo, Juan Carlos"]
[Black "Rodriguez Romero, Martin"]
[Result "0-1"]
[WhiteElo "1843"]
[BlackElo "1907"]
[PlyCount "96"]
[EventDate "2017.09.17"]
[EventType "swiss"]
[EventRounds "9"]
[EventCountry "ESP"]
[SourceTitle "Ajedrez en Madrid"]
[Source "lmi"]
[SourceDate "2017.09.17"]

1. d4 Nf6 2. Nc3 e6 3. Bg5 h6 4. Bh4 Bb4 5. Qd3 O-O 6. O-O-O Bxc3 7. bxc3 d6 8.
g4 Nbd7 9. f4 c5 10. Nf3 Qa5 11. Bxf6 Nxf6 12. e4 c4 13. Qe3 d5 14. Nd2 Qxa2
15. Bg2 Bd7 16. Nb1 dxe4 17. g5 hxg5 18. fxg5 Nd5 19. Qg3 e3 20. Bxd5 exd5 21.
Qxe3 Bf5 22. Qf2 g6 23. h4 Kg7 24. h5 Qa6 25. Rde1 Rae8 26. Qh2 gxh5 27. Re5
Bg6 28. Rf1 Qd6 29. Rf6 Re6 30. Rfxe6 fxe6 31. Qh3 Rf5 32. Qe3 Rxe5 33. dxe5
Qe7 34. Kb2 a6 35. Nd2 b5 36. Nf3 a5 37. Qb6 a4 38. Nd4 Bf7 39. Nf3 Qd7 40. Nd4
h4 41. Nxb5 h3 42. Qf2 Qxb5+ 43. Kc1 Qe8 44. Qf6+ Kg8 45. Qh6 a3 46. Qxh3 a2
47. Kb2 Qa4 48. g6 a1=Q# 0-1